| 000 | 00690nam a2200241 i 4500 | ||
|---|---|---|---|
| 003 | DO-SdBNP | ||
| 005 | 20230414134837.0 | ||
| 007 | ta | ||
| 008 | 230414b2012 dr ||||| |||| 00| 0 spa d | ||
| 040 |
_aDO-SdBNP _bspa _cBNPHU _erda |
||
| 082 | 4 | _222 | |
| 245 | 0 | 0 |
_aContitución dominicana / _cpresentación Ramón Ventura Camejo |
| 250 | _a2a. ed. | ||
| 264 |
_aSanto Domingo : _bMAP, _c2012. |
||
| 300 |
_a149 p. ; _c22 cm. |
||
| 336 |
_2rdacontent _atexto _btxt |
||
| 337 |
_2rdamedia _asin mediación _bn |
||
| 338 |
_2rdacarrier _avolumen _bnc |
||
| 590 | _aInventariado, 2023/BT | ||
| 700 | 1 |
_aVentura Camejo, Ramón, _epresentación _926937 |
|
| 910 | _aBtavárez | ||
| 942 |
_2ddc _cLBS1 |
||
| 999 |
_c53264 _d53264 |
||